Discovering the Americas the evolution of Canadian foreign policy towards Latin America /

Bibliographic Details
Main Author: Rochlin, James Francis, 1956-
Corporate Author: ProQuest (Firm)
Format: Electronic eBook
Language:English
Published: Vancouver : UBC Press, c1994.
Series:Canada and international relations ; 8.
Subjects:
Online Access:Click to View
LEADER 01586nam a2200409Ia 4500
001 EBC3412532
003 MiAaPQ
005 20200520144314.0
006 m o d |
007 cr cn|||||||||
008 930629s1994 bccb sb 001 0 eng d
010 |z  93091601  
020 |z 9780774804769 
020 |z 0774804769 (bound) 
020 |z 0774804777 (pbk.) 
020 |a 9780774856508 (electronic bk.) 
035 |a (MiAaPQ)EBC3412532 
035 |a (Au-PeEL)EBL3412532 
035 |a (CaPaEBR)ebr10227166 
035 |a (CaONFJC)MIL322591 
035 |a (OCoLC)923446361 
040 |a MiAaPQ  |c MiAaPQ  |d MiAaPQ 
050 4 |a HF1480.5  |b .R63 1994 
100 1 |a Rochlin, James Francis,  |d 1956- 
245 1 0 |a Discovering the Americas  |h [electronic resource] :  |b the evolution of Canadian foreign policy towards Latin America /  |c James Rochlin. 
260 |a Vancouver :  |b UBC Press,  |c c1994. 
300 |a 300 p. :  |b maps. 
490 1 |a Canada and international relations,  |x 0847-0510 ;  |v 8 
504 |a Includes bibliographical references and index. 
533 |a Electronic reproduction. Ann Arbor, MI : ProQuest, 2015. Available via World Wide Web. Access may be limited to ProQuest affiliated libraries. 
650 0 |a International relations. 
651 0 |a Canada  |x Foreign relations  |z Latin America. 
651 0 |a Latin America  |x Foreign relations  |z Canada. 
655 4 |a Electronic books. 
710 2 |a ProQuest (Firm) 
830 0 |a Canada and international relations ;  |v 8. 
856 4 0 |u https://ebookcentral.proquest.com/lib/matrademy/detail.action?docID=3412532  |z Click to View